Основные способы разливки ферросплавы; Инновационные технологии в машиностроении

Dades bibliogràfiques
Parent link:Инновационные технологии в машиностроении.— 2018.— [С. 163-165]
Autor principal: Несипбек Е. Н.
Autor corporatiu: Национальный исследовательский Томский политехнический университет (ТПУ) Юргинский технологический институт (ЮТИ)
Altres autors: Нохрина О. И. Ольга Ивановна (научный руководитель)
Sumari:Заглавие с экрана
Разливка металла в современном производстве ферросплавов производится несколькими наиболее распространенными методами: - разливка в изложницы; - разливка на разливочных машинах; - полигонная разливка.
Idioma:rus
Publicat: 2018
Col·lecció:Инновационные технологии получения и обработки материалов в машиностроении
Matèries:
Accés en línia:http://earchive.tpu.ru/handle/11683/50143
Format: MixedMaterials Electrònic Capítol de llibre
KOHA link:https://koha.lib.tpu.ru/cgi-bin/koha/opac-detail.pl?biblionumber=627234

MARC

LEADER 00000naa2a2200000 4500
001 627234
005 20231102024248.0
035 |a (RuTPU)RU\TPU\conf\26976 
035 |a RU\TPU\conf\26970 
090 |a 627234 
100 |a 20180823d2018 k y0rusy50 ca 
101 0 |a rus 
102 |a RU 
105 |a y z 101zy 
135 |a drgn ---uucaa 
181 0 |a i  
182 0 |a b 
200 1 |a Основные способы разливки ферросплавы  |f Е. Н. Несипбек  |g науч. рук. О. И. Нохрина 
203 |a Текст  |c электронный 
225 1 |a Инновационные технологии получения и обработки материалов в машиностроении 
230 |a 1 компьютерный файл (pdf; 122 Kb) 
300 |a Заглавие с экрана 
320 |a [Библиогр.: с. 165 (3 назв.)] 
330 |a Разливка металла в современном производстве ферросплавов производится несколькими наиболее распространенными методами: - разливка в изложницы; - разливка на разливочных машинах; - полигонная разливка. 
463 0 |0 (RuTPU)RU\TPU\conf\26327  |t Инновационные технологии в машиностроении  |o сборник трудов IX Международной научно-практической конференции, 24–26 мая 2018 г., Юрга  |f Национальный исследовательский Томский политехнический университет (ТПУ), Юргинский технологический институт (ЮТИ) ; под ред. Д. А. Чинахова  |v [С. 163-165]  |d 2018 
610 1 |a электронный ресурс 
610 1 |a труды учёных ТПУ 
610 1 |a разливка 
610 1 |a ферросплавы 
610 1 |a изложницы 
610 1 |a сплавы 
700 1 |a Несипбек  |b Е. Н. 
702 1 |a Нохрина  |b О. И.  |c специалист в области металлургии  |c профессор Юргинского технологического института (филиала) Томского политехнического университета, доктор технических наук  |f 1953-  |g Ольга Ивановна  |2 stltpush  |4 727  |9 15762 
712 0 2 |a Национальный исследовательский Томский политехнический университет (ТПУ)  |b Юргинский технологический институт (ЮТИ)  |c (2009- )  |h 349  |2 stltpush  |3 (RuTPU)RU\TPU\col\15903 
801 2 |a RU  |b 63413507  |c 20180824  |g RCR 
856 4 |u http://earchive.tpu.ru/handle/11683/50143 
942 |c BK